003880000a2200097000450024501580000004100130015870000250017170000270019610000190022377300480024210aEffect of the exposure to Fasciola hepatica (Trematoda: Digenea) on life history traits of Lymnaea cousini and Lymnaea columella (Gastropoda: Lymnaeidae)0 aInglés1 aEstrada, Victoria E.1 aVelásquez, Luz Elena1 aSalazar, Laura1 tExperimental parasitologyh114q77-83d2006